Psychologie der Zeugenaussage: System der Glaubhaftigkeitsmerkmale
| Autor principal: | |
|---|---|
| Otros Autores: | ; |
| Tipo de documento: | Print Libro |
| Lenguaje: | Alemán |
| Publicado: |
München
Beck
c 2007
|
| En: | Año: 2007 |
| Edición: | 4., durchges. Aufl. |
| Acceso en línea: |
Índice Índice |
| Disponibilidad en Tübingen: | Disponible en Tübingen. UB: 48 A 11970 |
| Verificar disponibilidad: | HBZ Gateway |
| Servicio de pedido Subito: | Pedir ahora. |
| Palabras clave: |
MARC
| LEADER | 00000cam a2200000 c 4500 | ||
|---|---|---|---|
| 001 | 490412289 | ||
| 003 | DE-627 | ||
| 005 | 20260206202044.0 | ||
| 007 | tu | ||
| 008 | 050627s2007 gw ||||| 00| ||ger c | ||
| 015 | |a 07,A15,0503 |2 dnb | ||
| 016 | 7 | |a 982903243 |2 DE-101 | |
| 020 | |a 3406470831 |c : EUR 24.00 |9 3-406-47083-1 | ||
| 020 | |a 9783406470837 |c : EUR 24.00 |9 978-3-406-47083-7 | ||
| 024 | 3 | |a 9783406470837 | |
| 035 | |a (DE-627)490412289 | ||
| 035 | |a (DE-603)185277675 | ||
| 035 | |a (DE-576)260431605 | ||
| 035 | |a (DE-599)GBV490412289 | ||
| 035 | |a (OCoLC)180729182 | ||
| 035 | |a (OCoLC)144614049 | ||
| 035 | |a (DE-604)BV022250425 | ||
| 040 | |a DE-627 |b ger |c DE-627 |e rakwb | ||
| 041 | |a ger | ||
| 044 | |c XA-DE | ||
| 050 | 0 | |a K2271 | |
| 050 | 0 | |a K2271 | |
| 060 | 0 | |a BF 763 | |
| 082 | 0 | |a 345.066019 |q OCLC | |
| 082 | 0 | 4 | |a 340 |
| 084 | |a 5,3 |2 ssgn | ||
| 084 | |a CW 8000 |q BVB |2 rvk |0 (DE-625)rvk/19207: | ||
| 084 | |a PH 9020 |q BVB |2 rvk |0 (DE-625)rvk/136530: | ||
| 084 | |a PH 4860 |2 rvk |0 (DE-625)rvk/136156: | ||
| 084 | |a 86.05 |2 bkl | ||
| 084 | |a 86.15 |2 bkl | ||
| 084 | |a 86.36 |2 bkl | ||
| 090 | |a a | ||
| 100 | 1 | |a Arntzen, Friedrich |d 191X-2002 |0 (DE-588)104627638 |0 (DE-627)524699526 |0 (DE-576)160106974 |4 aut | |
| 109 | |a Arntzen, Friedrich 191X-2002 |a Arntzen, F. 191X-2002 | ||
| 245 | 1 | 0 | |a Psychologie der Zeugenaussage |b System der Glaubhaftigkeitsmerkmale |c von Friedrich Arntzen. Unter Mitw. von Else Michaelis-Arntzen. Mit einem Nachw. zum aktuellen Stand der wissenschaftlichen Diskussion von Jeanette Kardas |
| 250 | |a 4., durchges. Aufl. | ||
| 264 | 1 | |a München |b Beck |c c 2007 | |
| 300 | |a XIX, 170 S. |c 23 cm | ||
| 336 | |a Text |b txt |2 rdacontent | ||
| 337 | |a ohne Hilfsmittel zu benutzen |b n |2 rdamedia | ||
| 338 | |a Band |b nc |2 rdacarrier | ||
| 500 | |a Literaturverz. S. [XI] - XIX | ||
| 505 | 8 | |a Literaturverz. S. [XI] - XIX | |
| 583 | 1 | |a Archivierung prüfen |c 20240324 |f DE-4165 |z 3 |2 pdager | |
| 650 | 2 | |a Expert Testimony | |
| 650 | 2 | |a Criminal Psychology | |
| 650 | 4 | |a Glaubhaftigkeit, Symptom, Geschichte, Kriterium, Altersstufe, Aussagepsychologie, Wert | |
| 653 | |a Criminal Psychology | ||
| 653 | |a Expert Testimony | ||
| 689 | 0 | 0 | |d s |0 (DE-588)4125193-3 |0 (DE-627)105742074 |0 (DE-576)209574526 |a Aussagepsychologie |2 gnd |
| 689 | 0 | |5 DE-101 | |
| 700 | 1 | |a Michaelis-Arntzen, Else |d 1930- |0 (DE-588)109662393 |0 (DE-627)524699909 |0 (DE-576)289648688 |4 oth | |
| 700 | 1 | |a Kardas, Jeanette |4 oth | |
| 856 | 4 | 2 | |u https://swbplus.bsz-bw.de/bsz260431605inh.htm |m V:DE-576 |v 2008-01-11 |3 Inhaltsverzeichnis |7 1 |
| 856 | 4 | 2 | |u http://scans.hebis.de/HEBCGI/show.pl?18527767_toc.pdf |m V:DE-603;B:DE-17 |q application/pdf |3 Inhaltsverzeichnis |7 1 |
| 935 | |i sf | ||
| 935 | |i Blocktest | ||
| 935 | |h HEB |i 0501 | ||
| 935 | |h HEB |i 0503 | ||
| 936 | r | v | |a CW 8000 |b Forensische Psychologie |k Psychologie |k Angewandte Psychologie |k Andere Gebiete der angewandten Psychologie |k Forensische Psychologie |0 (DE-627)1271504383 |0 (DE-625)rvk/19207: |0 (DE-576)201504383 |
| 936 | r | v | |a PH 9020 |b Strafjustiz; Strafverfahren; Rechtsmedizin; Gerichtlicher Sachverständiger; Gerichtliche Psychiatrie; Kriminalpsychiatrie; Gerichtliche Psychologie; Aussagepsychologie |k Rechtswissenschaft |k Strafrecht, Strafverfahrensrecht, Kriminologie |k Kriminologie |k Strafverfahren und Strafvollzug; Empirische Bezugswissenschaften zur Kriminalrechtspflege; Forschung zu strafrechtlicher Sozialkontrolle |k Strafjustiz; Strafverfahren; Rechtsmedizin; Gerichtlicher Sachverständiger; Gerichtliche Psychiatrie; Kriminalpsychiatrie; Gerichtliche Psychologie; Aussagepsychologie |0 (DE-627)1271677156 |0 (DE-625)rvk/136530: |0 (DE-576)201677156 |
| 936 | r | v | |a PH 4860 |b Zeugen |k Rechtswissenschaft |k Strafrecht, Strafverfahrensrecht, Kriminologie |k Strafverfahrensrecht |k Beweisrecht |k Zeugen |0 (DE-627)1271739321 |0 (DE-625)rvk/136156: |0 (DE-576)201739321 |
| 936 | b | k | |a 86.05 |j Rechtssoziologie |j Rechtspsychologie |0 (DE-627)106413457 |
| 936 | b | k | |a 86.15 |j Allgemeines Prozessrecht |j Zivilprozess |0 (DE-627)106422510 |
| 936 | b | k | |a 86.36 |j Strafprozessrecht |0 (DE-627)106413570 |
| 936 | s | n | |a c200 |2 mzub |
| 936 | s | n | |a p100 |2 mzub |
| 951 | |a BO | ||
| ELC | |b 1 | ||
| LOK | |0 000 xxxxxcx a22 zn 4500 | ||
| LOK | |0 001 3091004066 | ||
| LOK | |0 003 DE-627 | ||
| LOK | |0 004 490412289 | ||
| LOK | |0 005 20100128164109 | ||
| LOK | |0 008 081103||||||||||||||||ger||||||| | ||
| LOK | |0 040 |a DE-21 |c DE-627 |d DE-21 | ||
| LOK | |0 852 |a DE-21 | ||
| LOK | |0 852 1 |c 48 A 11970 |9 00 | ||
| LOK | |0 935 |a krim | ||
| LOK | |0 936ln |a k8.7.6 | ||
| LOK | |0 938 |a 1001 |f 34 | ||
| LOK | |0 938 |l 34 |8 2 | ||
| LOK | |0 939 |a 03-11-08 |b l01 | ||
| ORI | |a SA-MARC-krimdoka001.raw | ||
| SIG | |a UB: 48 A 11970 | ||
